000 00232 a2200097 4500
001 57565
100 _a
245 _aEngineering Thermodynamics With Application
260 _aUSA
_bHarper, Row
_c1999
090 _c35299
_d35299
942 _aNUST-CAE
_cMONOGRAPH
_c28112
999 _c292638
_d292638